[Event "ROM-ch (Women)"]
[Site "Sarata Monteoru"]
[Date "2011.02.20"]
[Round "9"]
[White "Mosnegutu, Mariana"]
[Black "Serbanescu, Diana Maria"]
[Result "1-0"]
[WhiteElo "2178"]
[BlackElo "1870"]
[PlyCount "45"]
[EventDate "2011.02.12"]
[EventType "swiss"]
[EventRounds "9"]
[EventCountry "ROU"]
[SourceTitle "CBM 140 Extra"]
[Source "ChessBase"]
[SourceDate "2011.03.01"]
[SourceVersion "1"]
[SourceVersionDate "2011.03.01"]
[SourceQuality "1"]

1. e4 e5 2. Nf3 Nc6 3. Nc3 Nf6 4. Bb5 d6 5. d4 exd4 6. Nxd4 Bd7 7. 0-0 g6 8. Re1 Nxd4 9. Qxd4 Bxb5 10. Nxb5 c5 11. Qa4 Nd7 12. Bf4 Qb6 13. Rad1 0-0-0 14. Nxa7+ Kb8 15. Nb5 Nf6 16. Rd3 Be7 17. e5 Ne8 18. Red1 g5 19. Bg3 f5 20. exd6 f4 21. dxe7 Rxd3 22. Rxd3 Nf6 23. Bxf4+ 1-0

[Event "Champions Challenge 191th"]
[Site "Playchess.com INT"]
[Date "2007.03.24"]
[Round "1.1"]
[White "Galkin, Alexander"]
[Black "Mosnegutu, Mariana"]
[Result "1-0"]
[WhiteElo "2590"]
[BlackElo "2215"]
[PlyCount "101"]
[EventDate "2007.03.24"]
[EventType "k.o. (blitz)"]
[EventRounds "5"]
[EventCountry "GER"]
[SourceTitle "CBM 117 Extra"]
[Source "ChessBase"]
[SourceDate "2007.05.09"]
[SourceVersion "1"]
[SourceVersionDate "2007.05.09"]
[SourceQuality "1"]

1. e4 c5 2. Ne2 e5 3. Nbc3 d6 4. Nd5 Nf6 5. Nec3 Be6 6. Bc4 a6 7. a4 Nbd7 8. 0-0 Be7 9. d3 0-0 10. f4 Nb6 11. Nxb6 Qxb6 12. Bxe6 fxe6 13. fxe5 dxe5 14. a5 Qc7 15. b3 Rf7 16. Be3 Raf8 17. Qe2 h6 18. Nb1 Bd8 19. Nd2 Ne8 20. Rxf7 Rxf7 21. Nc4 Bf6 22. Qd2 Nd6 23. Qc3 Nb5 24. Qb2 Nd4 25. c3 Nb5 26. Qc2 Rd7 27. Nb6 Rd8 28. Rf1 Qd6 29. Rd1 Na7 30. Na4 Rc8 31. b4 Nb5 32. Nxc5 b6 33. axb6 Qxb6 34. Qb3 Kf7 35. Ra1 Nc7 36. h3 Rd8 37. Qc4 Qc6 38. Kh1 Rc8 39. Qb3 Ra8 40. Qa4 Qd6 41. Qd7+ Qxd7 42. Nxd7 Nb5 43. c4 Nc7 44. Bb6 Rc8 45. Bxc7 Rxc7 46. Nxf6 Kxf6 47. Rxa6 Rd7 48. Ra3 Kg5 49. Kg1 Kf4 50. Kf2 Rxd3 51. Rxd3 1-0

[Event "Champions Challenge 180th"]
[Site "Playchess.com INT"]
[Date "2007.01.13"]
[Round "1.2"]
[White "Mosnegutu, Mariana"]
[Black "Postny, Evgeny"]
[Result "0-1"]
[WhiteElo "2215"]
[BlackElo "2616"]
[PlyCount "62"]
[EventDate "2007.01.13"]
[EventType "k.o. (blitz)"]
[EventRounds "4"]
[EventCountry "GER"]
[SourceTitle "EXT 2008"]
[Source "ChessBase"]
[SourceDate "2007.11.25"]
[SourceVersion "1"]
[SourceVersionDate "2007.11.25"]
[SourceQuality "1"]

1. e4 c5 2. Nf3 d6 3. d4 cxd4 4. Nxd4 Nf6 5. Nc3 g6 6. Be3 Bg7 7. f3 Nc6 8. Qd2 Bd7 9. 0-0-0 h5 10. Kb1 Rc8 11. Nxc6 bxc6 12. Bc4 a5 13. a4 Rb8 14. b3 0-0 15. Ka2 Rb4 16. h3 Qb8 17. g4 Rxc4 18. bxc4 Qb4 19. Rb1 Qxc4+ 20. Rb3 Be6 21. Ka3 Nd7 22. gxh5 Nc5 23. Bxc5 Qxc5+ 24. Kb2 Bxb3 25. cxb3 Qxh5 26. Qd3 Rb8 27. Kc2 Qc5 28. Rh2 Qa3 29. Qc4 Qa1 30. h4 Bh6 31. Ne2 Qa2+ 0-1

[Event "Playchess GrandPrix T-4 118th"]
[Site "Playchess.com INT"]
[Date "2006.12.13"]
[Round "5"]
[White "Mosnegutu, Mariana"]
[Black "Belezky, Alexander"]
[Result "0-1"]
[WhiteElo "2225"]
[BlackElo "2429"]
[PlyCount "100"]
[EventDate "2006.12.13"]
[EventType "k.o. (blitz)"]
[EventRounds "5"]
[EventCountry "GER"]
[SourceTitle "EXT 2008"]
[Source "ChessBase"]
[SourceDate "2007.11.25"]
[SourceVersion "1"]
[SourceVersionDate "2007.11.25"]
[SourceQuality "1"]

1. d4 Nf6 2. c4 e5 3. dxe5 Ng4 4. Nf3 Bc5 5. e3 Nc6 6. a3 a5 7. Nc3 Ra6 8. Qd5 Qe7 9. Nb5 d6 10. exd6 cxd6 11. Bd2 Be6 12. Qg5 f6 13. Qf4 0-0 14. Be2 Nge5 15. Rc1 f5 16. h4 h6 17. 0-0 Ng6 18. Qg3 Kh7 19. h5 Nge5 20. Nfd4 Bc8 21. Bc3 a4 22. Nxc6 bxc6 23. Nd4 Bd7 24. Rfd1 Raa8 25. Nf3 Ng4 26. Nh4 Qg5 27. Ng6 Rfe8 28. Nf4 Rxe3 29. fxe3 Bxe3+ 30. Kf1 Bxf4 31. Qh3 Bxc1 32. Rxd6 Qf4+ 33. Ke1 Qxd6 34. Bd3 Re8+ 35. Kf1 Ne3+ 36. Ke2 Nxc4+ 37. Kd1 Ne3+ 38. Ke2 Ng4+ 39. Kd1 Bg5 40. Kc2 Qe6 41. Qf3 Qb3+ 42. Kb1 Ne3 43. Qe2 Re4 44. Bxe4 fxe4 45. Qd2 Bg4 46. Bd4 Bd1 47. Bxe3 Bxe3 48. Qc3 Bc2+ 49. Qxc2 Qxb2+ 50. Qxb2 Bd4 0-1

[Event "ROM-chT div-A (Women)"]
[Site "Predeal"]
[Date "2006.11.12"]
[Round "9"]
[White "Mosnegutu, Mariana"]
[Black "Peptan, Corina Isabela"]
[Result "1/2-1/2"]
[WhiteElo "2225"]
[BlackElo "2428"]
[PlyCount "84"]
[EventDate "2006.11.04"]
[EventType "team"]
[EventRounds "9"]
[EventCountry "ROU"]
[SourceTitle "EXT 2007"]
[Source "ChessBase"]
[SourceDate "2006.11.23"]
[SourceVersion "1"]
[SourceVersionDate "2006.11.23"]
[SourceQuality "1"]

1. e4 c5 2. Nf3 e6 3. d4 cxd4 4. Nxd4 a6 5. Bd3 Qc7 6. 0-0 Nf6 7. c4 b6 8. Be3 Bb7 9. Nc3 Be7 10. Rc1 d6 11. f4 Nbd7 12. Qf3 Rc8 13. b4 Qb8 14. a3 h5 15. h3 Qa8 16. Bf2 h4 17. Rfe1 Nh5 18. Nd5 Bd8 19. Qg4 Ndf6 20. Nxf6+ Nxf6 21. Qxg7 Rg8 22. Qh6 Kd7 23. f5 e5 24. Nf3 Nxe4 25. Bxe4 Bxe4 26. Nxe5+ dxe5 27. Rcd1+ Ke8 28. Qd6 Bc7 29. Qd7+ Kf8 30. Bxh4 Rxg2+ 31. Kf1 Bc6 32. Qe7+ Kg8 33. Re3 Qb7 34. Rg3+ Rxg3 35. Bxg3 Bg2+ 36. Kg1 Qf3 37. Qg5+ Kh7 38. Qh4+ Kg7 39. Qg5+ Kf8 40. Qh6+ Kg8 41. Qg5+ Kh7 42. Qh4+ Kg7 1/2-1/2

[Event "ROM-chT div-A (Women)"]
[Site "Predeal"]
[Date "2006.11.07"]
[Round "4"]
[White "Mosnegutu, Mariana"]
[Black "Sandu, Mihaela"]
[Result "0-1"]
[WhiteElo "2225"]
[BlackElo "2246"]
[PlyCount "120"]
[EventDate "2006.11.04"]
[EventType "team"]
[EventRounds "9"]
[EventCountry "ROU"]
[SourceTitle "EXT 2007"]
[Source "ChessBase"]
[SourceDate "2006.11.23"]
[SourceVersion "1"]
[SourceVersionDate "2006.11.23"]
[SourceQuality "1"]

1. e4 c5 2. Nf3 e6 3. d4 cxd4 4. Nxd4 Nf6 5. Bd3 Nc6 6. Be3 d5 7. Nxc6 bxc6 8. e5 Nd7 9. Bf4 Qb6 10. 0-0 Qxb2 11. Nd2 Nxe5 12. Rb1 Qd4 13. Bxe5 Qxe5 14. c4 Be7 15. cxd5 exd5 16. Re1 Qd6 17. Qe2 Be6 18. Nf3 0-0 19. Nd4 Bf6 20. Nxe6 fxe6 21. Qh5 h6 22. Qg6 Rab8 23. Qh7+ Kf7 24. Qg6+ Kg8 25. Qh7+ Kf7 26. Qg6+ Ke7 27. Rbc1 Rb2 28. Bf5 e5 29. a4 e4 30. Rf1 Bd4 31. Qg4 Qf6 32. Bc8 Kf7 33. Kh1 Kg8 34. f4 e3 35. Be6+ Kh8 36. f5 e2 37. Rfe1 Qe5 38. Qf3 Qe4 39. Qxe4 dxe4 40. Bc4 Be3 41. Rb1 Rxb1 42. Rxb1 Rxf5 43. Bxe2 Bb6 44. Rf1 Rxf1+ 45. Bxf1 Kh7 46. g3 Kg6 47. Kg2 Kf5 48. Ba6 Ke5 49. Kf1 c5 50. Ke2 Kd4 51. Bb7 c4 52. Bc6 c3 53. Kd1 Bd8 54. h4 Bc7 55. g4 Bg3 56. h5 Ke3 57. Bb5 Be5 58. Bc6 Kf4 59. Bd7 e3 60. Bb5 Kf3 0-1

[Event "Bucharest Winter Cup (Women)"]
[Site "Bucharest"]
[Date "2004.12.07"]
[Round "5"]
[White "Mosnegutu, Mariana"]
[Black "Moldovan, Corina"]
[Result "0-1"]
[WhiteElo "2287"]
[BlackElo "2226"]
[PlyCount "144"]
[EventDate "2004.12.03"]
[EventType "tourn"]
[EventRounds "10"]
[EventCountry "ROU"]
[SourceTitle "EXT 2006"]
[Source "ChessBase"]
[SourceDate "2005.11.24"]
[SourceVersion "1"]
[SourceVersionDate "2005.11.24"]
[SourceQuality "1"]

1. e4 c5 2. Nf3 d6 3. d4 cxd4 4. Nxd4 Nf6 5. Nc3 Nc6 6. Bg5 e6 7. Qd2 a6 8. 0-0-0 Bd7 9. f4 b5 10. Nxc6 Bxc6 11. Qd4 Rc8 12. Kb1 Be7 13. a3 h6 14. Bh4 0-0 15. Bd3 Nxe4 16. Nxe4 Bxh4 17. Nxd6 Rc7 18. Be4 Bxe4 19. Nxe4 Qa8 20. Qe5 Qc6 21. c3 f6 22. Qd4 f5 23. Ng3 Qxg2 24. Qe5 Re7 25. Rhg1 Qf3 26. Rgf1 Qb7 27. Rd6 Bf6 28. Qe3 Qc8 29. Nh5 Qc4 30. Rg1 a5 31. Re1 e5 32. Nxf6+ Rxf6 33. Rd8+ Kh7 34. fxe5 Rg6 35. Qf2 Qc7 36. Rd5 Qc4 37. Rd4 Qf7 38. Qe2 f4 39. Qe4 f3 40. Rf1 f2 41. Rd6 Qe8 42. Rd5 Rf7 43. h4 h5 44. e6 Rff6 45. Rxh5+ Kg8 46. Rg5 Rxe6 47. Qd5 Rgf6 48. Rg2 Qf7 49. Qxb5 Re1+ 50. Kc2 Rxf1 51. Qxf1 Qa7 52. Qc4+ Qf7 53. Qf1 Rf4 54. Kc1 Qe6 55. Kd2 Qd5+ 56. Kc2 Qe4+ 57. Kb3 a4+ 58. Ka2 Qd5+ 59. c4 Qxg2 60. Qxg2 f1Q 61. Qd5+ Kf8 62. Qd8+ Kf7 63. Qd5+ Kg6 64. Qg5+ Kh7 65. Qh5+ Kg8 66. Qe8+ Rf8 67. Qxa4 Rc8 68. c5 Qf7+ 69. Qb3 Rxc5 70. Qxf7+ Kxf7 71. b4 Rh5 72. Kb3 Ke6 0-1

[Event "ROM-chT"]
[Site "Tusnad"]
[Date "2004.05.02"]
[Round "2.9"]
[White "Ionica, Iulia Ionela"]
[Black "Mosnegutu, Mariana"]
[Result "1-0"]
[WhiteElo "2271"]
[BlackElo "2273"]
[PlyCount "85"]
[EventDate "2004.05.05"]
[EventType "team"]
[EventRounds "9"]
[EventCountry "ROU"]
[SourceTitle "EXT 2008"]
[Source "ChessBase"]
[SourceDate "2007.11.25"]
[SourceVersion "1"]
[SourceVersionDate "2007.11.25"]
[SourceQuality "1"]

1. e4 c5 2. Nf3 d6 3. d4 cxd4 4. Nxd4 Nf6 5. Nc3 a6 6. g3 g6 7. Bg2 Bg7 8. 0-0 0-0 9. Re1 e5 10. Nb3 Bg4 11. Qd3 Qc7 12. a4 Nbd7 13. Nd2 Nc5 14. Qe3 Be6 15. h3 Rfd8 16. Nd5 Nxd5 17. exd5 Bd7 18. a5 Na4 19. b3 Nc5 20. Nc4 Bb5 21. Nb6 Rab8 22. Ba3 f5 23. Rac1 Be8 24. b4 Nd7 25. c4 Nxb6 26. axb6 Qf7 27. c5 dxc5 28. bxc5 e4 29. Bf1 Qf6 30. Bc4 Kh8 31. Rc2 Qd4 32. Qe2 Ba4 33. Rd2 Qe5 34. Qe3 Qc3 35. Rc1 Qxe3 36. fxe3 Be5 37. Bb2 Bxb2 38. Rxb2 Rbc8 39. Bxa6 Rxd5 40. Bxb7 Rdxc5 41. Rxc5 Rxc5 42. Ba6 Rc1+ 43. Kf2 1-0

[Event "ROM-chT"]
[Site "Tusnad"]
[Date "2004.05.01"]
[Round "1.9"]
[White "Mosnegutu, Mariana"]
[Black "Jicman, Ligia Letitia"]
[Result "0-1"]
[WhiteElo "2273"]
[BlackElo "2197"]
[PlyCount "92"]
[EventDate "2004.05.05"]
[EventType "team"]
[EventRounds "9"]
[EventCountry "ROU"]
[SourceTitle "EXT 2008"]
[Source "ChessBase"]
[SourceDate "2007.11.25"]
[SourceVersion "1"]
[SourceVersionDate "2007.11.25"]
[SourceQuality "1"]

1. e4 c5 2. Nf3 Nc6 3. d4 cxd4 4. Nxd4 g6 5. c4 Nf6 6. Nc3 Nxd4 7. Qxd4 d6 8. Be3 Bg7 9. c5 0-0 10. cxd6 exd6 11. Qd2 Re8 12. f3 d5 13. 0-0-0 Qa5 14. Nxd5 Qxa2 15. Nc3 Qb3 16. Bd3 Be6 17. Bc2 Qb4 18. e5 Nd7 19. f4 Nb6 20. Ne4 Qxd2+ 21. Bxd2 Nc4 22. Nd6 Red8 23. Nxc4 Bxc4 24. Bc3 Rdc8 25. g3 b5 26. Kb1 Be6 27. Bb4 Bf8 28. Bxf8 Kxf8 29. Be4 Rab8 30. Rd6 Rc4 31. Bd3 Ra4 32. Rc1 Ba2+ 33. Kc2 a5 34. b3 Rb4 35. Kb2 Bxb3 36. Ka3 Be6 37. Rc3 Ra4+ 38. Kb2 Ra2+ 39. Kb1 Rxh2 40. Rc5 a4 41. Rxb5 Rxb5+ 42. Bxb5 a3 43. Bf1 Rh1 44. Rd1 Rg1 45. Be2 Rxg3 46. Ka1 h5 0-1

[Event "ROM-ch (Women)"]
[Site "Satu Mare"]
[Date "2003.09.04"]
[Round "1.2"]
[White "Mosnegutu, Mariana"]
[Black "Istrati, Viorica"]
[Result "0-1"]
[WhiteElo "2248"]
[BlackElo "2090"]
[PlyCount "56"]
[EventDate "2003.09.01"]
[EventType "k.o."]
[EventRounds "4"]
[EventCountry "ROU"]
[SourceTitle "CBM 096 Extra"]
[Source "ChessBase"]
[SourceDate "2003.10.22"]
[SourceVersion "2"]
[SourceVersionDate "2003.10.20"]
[SourceQuality "1"]

1. e4 c5 2. Nf3 d6 3. d4 Nf6 4. Nc3 cxd4 5. Nxd4 a6 6. Bg5 e6 7. f4 b5 8. Qf3 Bb7 9. Bd3 Qb6 10. Nce2 Nbd7 11. 0-0-0 Nc5 12. Bxf6 gxf6 13. Rhe1 0-0-0 14. Qh5 Qc7 15. Ng3 Kb8 16. Bf1 Rc8 17. Kb1 Na4 18. Qe2 d5 19. Qd2 Bh6 20. Nh5 dxe4 21. g3 f5 22. Qb4 Bf8 23. Qd2 Bc5 24. Nb3 Rhd8 25. Qe2 Ba3 26. Rxd8 Rxd8 27. Qe3 Bxb2 28. Be2 Bh8 0-1

[Event "Ploiesti TC IND Cup op"]
[Site "Ploiesti"]
[Date "2002.10.03"]
[Round "11"]
[White "Mosnegutu, Mariana"]
[Black "Dobre, Claudiu Cristian"]
[Result "1-0"]
[WhiteElo "2238"]
[BlackElo "2002"]
[PlyCount "117"]
[EventDate "2002.09.14"]
[EventType "swiss"]
[EventRounds "11"]
[EventCountry "ROU"]
[SourceTitle "EXT 2003"]
[Source "ChessBase"]
[SourceDate "2002.11.25"]
[SourceVersion "1"]
[SourceVersionDate "2002.11.25"]
[SourceQuality "1"]

1. e4 e5 2. Nc3 Nf6 3. g3 Bc5 4. Bg2 0-0 5. d3 Nc6 6. h3 h6 7. Nge2 a6 8. 0-0 Ne7 9. d4 exd4 10. Nxd4 d6 11. Be3 Re8 12. Kh2 Ng6 13. a3 Ne5 14. b3 b5 15. Re1 Bb7 16. f4 Ned7 17. b4 Ba7 18. Bg1 Qb8 19. Qd3 Bb6 20. Rad1 Qa7 21. Re2 Rad8 22. Rde1 Ne5 23. fxe5 dxe5 24. Nd5 Bxd5 25. Nxb5 Bxg1+ 26. Rxg1 axb5 27. exd5 Qd4 28. Qxb5 Nxd5 29. Bxd5 Qxd5 30. Qxd5 Rxd5 31. a4 e4 32. a5 Rb5 33. c3 c5 34. Rb1 cxb4 35. cxb4 Ra8 36. Rxe4 Raxa5 37. bxa5 Rxb1 38. Ra4 Rb2+ 39. Kg1 Rb7 40. Kf2 f5 41. Ke3 Kf7 42. Kd4 Ke6 43. Kc5 g5 44. a6 Ra7 45. Kb6 Ra8 46. Kb7 Rf8 47. a7 f4 48. gxf4 gxf4 49. a8Q Rxa8 50. Rxa8 Ke5 51. Kc6 f3 52. Rf8 Ke4 53. h4 Ke3 54. Kd5 f2 55. h5 Ke2 56. Ke5 Ke1 57. Rf6 f1Q 58. Rxf1+ Kxf1 59. Kf5 1-0

[Event "Ploiesti TC IND Cup op"]
[Site "Ploiesti"]
[Date "2002.09.22"]
[Round "5"]
[White "Mosnegutu, Mariana"]
[Black "Adoamnei, Roxana Antonela"]
[Result "1-0"]
[WhiteElo "2238"]
[BlackElo "2071"]
[PlyCount "61"]
[EventDate "2002.09.14"]
[EventType "swiss"]
[EventRounds "11"]
[EventCountry "ROU"]
[SourceTitle "EXT 2003"]
[Source "ChessBase"]
[SourceDate "2002.11.25"]
[SourceVersion "1"]
[SourceVersionDate "2002.11.25"]
[SourceQuality "1"]

1. e4 e5 2. Nf3 d6 3. Nc3 g6 4. Bc4 Bg7 5. d3 h6 6. 0-0 c6 7. a4 Ne7 8. Re1 0-0 9. Bb3 Qc7 10. h3 a6 11. Be3 Be6 12. Bxe6 fxe6 13. Qd2 Kh7 14. d4 Nd7 15. dxe5 Nxe5 16. Nxe5 dxe5 17. a5 Rad8 18. Qe2 Rd4 19. Bxd4 exd4 20. Nb1 Qf4 21. Ra3 Be5 22. g3 Qf7 23. Nd2 d3 24. Rxd3 Bxb2 25. Rb1 Qg7 26. Kg2 c5 27. Rd7 Rf7 28. Nf3 Bc3 29. Rbxb7 Bxa5 30. e5 Qf8 31. Qxa6 1-0

[Event "Ploiesti TC IND Cup op"]
[Site "Ploiesti"]
[Date "2002.09.14"]
[Round "1"]
[White "Mosnegutu, Mariana"]
[Black "Barbu, Nicolai"]
[Result "0-1"]
[WhiteElo "2238"]
[BlackElo "2202"]
[PlyCount "143"]
[EventDate "2002.09.14"]
[EventType "swiss"]
[EventRounds "11"]
[EventCountry "ROU"]
[SourceTitle "EXT 2003"]
[Source "ChessBase"]
[SourceDate "2002.11.25"]
[SourceVersion "1"]
[SourceVersionDate "2002.11.25"]
[SourceQuality "1"]

1. e4 c5 2. Nf3 Nc6 3. d4 cxd4 4. Nxd4 Nf6 5. Nc3 e5 6. Ndb5 d6 7. Bg5 a6 8. Na3 b5 9. Nd5 Qa5+ 10. Bd2 Qd8 11. Bg5 Be7 12. Bxf6 Bxf6 13. c3 Bg5 14. Nc2 Be6 15. Nce3 Bxe3 16. Nxe3 0-0 17. Be2 Ne7 18. Bf3 Rc8 19. 0-0 Qb6 20. Qd2 Rfd8 21. Rfd1 a5 22. h3 b4 23. cxb4 axb4 24. b3 Rc3 25. Rac1 Qa5 26. Rb1 Nc6 27. Be2 Nd4 28. Bg4 Qc5 29. Rb2 Qc6 30. Bxe6 fxe6 31. Ng4 Rf8 32. Qg5 Qc7 33. Kh1 Kh8 34. Rbd2 Qf7 35. Ne3 Qf6 36. Qxf6 gxf6 37. g3 Rfc8 38. Kg2 Kg8 39. h4 Kf7 40. Nc4 Ke7 41. Ne3 Ra8 42. Rb2 Rd8 43. Rbd2 Ra8 44. Rb2 Rc5 45. Rdd2 Rca5 46. Nc4 R5a6 47. Kh3 Nb5 48. f3 Nc3 49. Rbc2 d5 50. exd5 exd5 51. Nb2 d4 52. Nd3 Rb6 53. Nf2 Ke6 54. Nd3 h5 55. Nc5+ Ke7 56. Nd3 Rb5 57. Nf2 Rba5 58. Nd3 Rb8 59. Nc1 Rd5 60. Nd3 Ke6 61. Kg2 f5 62. Kh3 Ra5 63. Kg2 Rbb5 64. Kh3 Ra8 65. Rc1 Rc8 66. Rcc2 Rc6 67. Kh2 Kf6 68. Kh3 e4 69. Nf4 d3 70. Rb2 Ke5 71. Nxh5 Ne2 72. Kg2 0-1

[Event "ROM-chT"]
[Site "Eforie Nord"]
[Date "2002.??.??"]
[Round "2"]
[White "Mosnegutu, Mariana"]
[Black "Moldovan, Corina"]
[Result "1/2-1/2"]
[WhiteElo "2238"]
[BlackElo "2226"]
[PlyCount "83"]
[EventDate "2002.??.??"]
[EventType "team"]
[EventRounds "5"]
[EventCountry "ROU"]
[SourceTitle "EXT 2003"]
[Source "ChessBase"]
[SourceDate "2002.11.25"]
[SourceVersion "1"]
[SourceVersionDate "2002.11.25"]
[SourceQuality "1"]

1. e4 c5 2. Nf3 d6 3. d4 cxd4 4. Nxd4 Nf6 5. Nc3 Nc6 6. Be3 Ng4 7. Bg5 Qb6 8. Bb5 Bd7 9. 0-0 h6 10. Bh4 g5 11. Bg3 Bg7 12. Nf5 Bxc3 13. Bxc6 Qxc6 14. bxc3 Ne5 15. Qd4 f6 16. Ne3 b6 17. Nd5 Rc8 18. f4 gxf4 19. Bxf4 Be6 20. Bd2 Bxd5 21. exd5 Qc5 22. Rae1 Kd7 23. Kh1 Qxd4 24. cxd4 Rxc2 25. dxe5 Rxd2 26. exf6 exf6 27. Rxf6 Rxd5 28. Rf7+ Kc6 29. Rxa7 Re8 30. Rb1 Rb5 31. Rc1+ Rc5 32. Rb1 Re2 33. a4 Rcc2 34. Rg7 Ra2 35. Rg4 Reb2 36. Rd1 d5 37. h3 Kc5 38. Rgd4 Rxg2 39. Rxd5+ Kc6 40. Rd6+ Kb7 41. Rxh6 Rh2+ 42. Kg1 1/2-1/2

[Event "ROM-ch (Women)"]
[Site "Targoviste"]
[Date "2001.12.03"]
[Round "9"]
[White "Mosnegutu, Mariana"]
[Black "Bogza, Oana"]
[Result "1-0"]
[WhiteElo "2230"]
[BlackElo "2143"]
[PlyCount "131"]
[EventDate "2001.11.23"]
[EventType "tourn"]
[EventRounds "11"]
[EventCountry "ROU"]
[SourceTitle "CBM 085 Extra"]
[Source "ChessBase"]
[SourceDate "2002.01.21"]
[SourceVersion "1"]
[SourceVersionDate "2002.01.21"]
[SourceQuality "1"]

1. e4 d6 2. d4 g6 3. Nc3 Bg7 4. Be3 Nf6 5. f3 c6 6. Qd2 Qa5 7. Bc4 b5 8. Bb3 b4 9. Nd1 Nbd7 10. Nf2 c5 11. Ne2 Ba6 12. a3 Rb8 13. 0-0 Qb5 14. Rfe1 c4 15. Ba2 bxa3 16. bxa3 0-0 17. Nc3 Qb7 18. a4 e6 19. Rab1 Qc7 20. Nb5 Bxb5 21. axb5 Nb6 22. c3 Rfe8 23. Bg5 Rb7 24. Rb4 e5 25. d5 Nfd7 26. g4 Rc8 27. Kh1 Nc5 28. Be3 Qb8 29. Reb1 Qc7 30. g5 Rcb8 31. Qe2 Rc8 32. Qd2 Rcb8 33. Rg1 Ncd7 34. Ng4 f6 35. gxf6 Nxf6 36. Nxf6+ Bxf6 37. Qg2 Bg7 38. Qg4 Re8 39. h4 Kh8 40. h5 gxh5 41. Qxh5 Rf8 42. Rg3 Qf7 43. Qh3 Rc7 44. Qg4 Bf6 45. Bb1 Rg8 46. Qxg8+ Qxg8 47. Rxg8+ Kxg8 48. Bc2 Kf7 49. Bd1 Bh4 50. Rb1 Bf6 51. Ra1 Bd8 52. Be2 Rb7 53. Kg2 Rc7 54. f4 Bf6 55. f5 Nc8 56. Ra6 Bd8 57. Rc6 Rxc6 58. dxc6 Nb6 59. Kh3 Kg7 60. Kg4 Bc7 61. Bg5 Kf7 62. Kh5 Kg7 63. f6+ Kf7 64. Kh6 Bd8 65. Bh5+ Ke6 66. Kg7 1-0

[Event "ROM-ch (Women)"]
[Site "Targoviste"]
[Date "2001.11.24"]
[Round "1"]
[White "Olarasu, Gabriela"]
[Black "Mosnegutu, Mariana"]
[Result "1-0"]
[WhiteElo "2285"]
[BlackElo "2230"]
[PlyCount "95"]
[EventDate "2001.11.23"]
[EventType "tourn"]
[EventRounds "11"]
[EventCountry "ROU"]
[SourceTitle "CBM 085 Extra"]
[Source "ChessBase"]
[SourceDate "2002.01.21"]
[SourceVersion "1"]
[SourceVersionDate "2002.01.21"]
[SourceQuality "1"]

1. Nf3 c5 2. c4 Nf6 3. Nc3 b6 4. e4 d6 5. d4 cxd4 6. Nxd4 Bb7 7. f3 g6 8. Bg5 Bg7 9. Qd2 h6 10. Be3 Nbd7 11. Be2 Rc8 12. Rc1 Qc7 13. 0-0 Qb8 14. Rfd1 h5 15. Nd5 h4 16. Nb5 a6 17. Nbc3 Nxd5 18. cxd5 0-0 19. Bg5 Bf6 20. Bxf6 Nxf6 21. Qh6 b5 22. Qxh4 b4 23. Na4 Rxc1 24. Rxc1 Rc8 25. Bc4 a5 26. b3 Ba6 27. Qf2 Nd7 28. Qd4 Bb5 29. Nb2 Nb6 30. h4 Qc7 31. Kf2 a4 32. Nd3 Bxc4 33. bxc4 b3 34. axb3 axb3 35. c5 dxc5 36. Rxc5 Qh2 37. Rxc8+ Nxc8 38. e5 Kh7 39. Nb2 Qh1 40. d6 exd6 41. exd6 Nxd6 42. Qxd6 Qxh4+ 43. Ke2 Qg5 44. g4 Qc1 45. Qh2+ Kg7 46. Qe5+ Kh7 47. Nd3 Qc4 48. Ke3 1-0